000 00463nam a2200169 i 4500
001 bg
100 1 _aGRÜNBERG, Karol
245 _aSS-czarna gwardia Hitlera /
_cKarol Grünberg.
260 _a[Warszawa] :
_bKsiążka i Wiedza,
_c1975.
300 _as. 557, nlb. 2 :
_btabl.
504 _a[Zawiera bibliogr. s. 523-542].
040 _cBPK
041 _apol
080 _a943.0:940.53:327(430)
942 _cKS
008 s pl f |000 0 pol
999 _c16672
_d16672
856 _uhttp://koha.tu.koszalin.pl/cgi-bin/koha/opac-detail.pl?biblionumber=16672
_yKatalog online BPK